000 00323nam a22001217a 4500
999 _c23114
_d23114
003 NUST
005 20171011122917.0
008 140409b xxu||||| |||| 00| 0 eng d
020 _a8120324110
_cAvailable
040 _aDLC
_bDLC
_cRCMS
050 _a005.8 NII
_b0000007
082 _a005.8 NII
100 _aNIIT
_95329
245 _aEthics and Security Management on the Web
_cNIIT
260 _aIndia
_bPrentice Hall
_cC,2003
300 _ax,289p:
_bPb
_c22,cm.
538 _iShelf No 2 Row No 1
610 _xEthics And Security Management
_95341
856 _3Table of Content Only
942 _cBK
_2ddc